Atatürkçü dış politika / (Record no. 13059)

MARC details
000 -BAŞLIK
Sabit Uzunlukta Kontrol Alanı 00773nam a2200241 4500
999 ## - SİSTEM KONTROL NUMARALARI (KOHA)
Koha Biblionumber 13059
Koha Biblioitemnumber 13059
003 - KONTROL NUMARASI IDENTIFIER
Denetim Alanı MIRAKIL
005 - SON İŞLEM TARİHİ VE ZAMANI
Denetim Alanı 20190326110114.0
008 - SABİT-BOY VERİ ELEMANLARI - GENEL BİLGİLER
Sabit Uzunlukta Kontrol Alanı 190326b tu ||||| |||| 00| 0 tur d
020 ## - ULUSLARARASI STANDART KİTAP NUMARASI
Uluslararası Standart Kitap Numarası 9789753435208
040 ## - KATALOGLAMA KAYNAK
Orijinal Kataloglama Ajansı TR-AnCHP
Metne Dönüştürmek Ajansı TR-AnCHP
041 ## - DİL KODU
Metin / Ses Parça Veya Ayrı Başlığın Dil Kodu tur
082 ## - DEWEY ONLU SINIFLANDIRMA NUMARASI
Sınıflandırma Numarası ATA 327.561
Ürün Numarası T85a 2008
100 ## - ANA GİRİŞ - KİŞİSEL İSİM
Kişisel Ad Tuncer, Hüner
245 10 - BAŞLIK TABLOSU
Başlık Atatürkçü dış politika /
Sorumluluk Tablosu, Vb Hüner Tuncer.
260 ## - YAYIN, DAĞITIM, VB
Yayın, Dağıtım, Vb Yeri İstanbul :
Yayıncı, Dağıtıcı, Vs Adı Kaynak yayınları ,
Yayın, Dağıtım, Vb Tarihi 2008.
300 ## - FİZİKSEL TANIM
Kapsam 240 s.:
Diğer Fiziksel Ayrıntıları fotğ.;
Boyutlar 20 sm.
490 0# - SERİSİ TABLOSU
Seri Beyanı Kaynak yayınları ;
Hacim / Ardışık Tanımı 507.
500 ## - GENEL NOT
Genel Not Yapıt yazarından imzalıdır.
504 ## - KAYNAKÇA VB NOT
Kaynakça Vb Notu Kaynakça vardır.
600 14 - KONU KATMA GİRİŞ - KURUMSAL ADI
9 (RLIN) 1465
Kişisel Ad Atatürk, Gazi Mustafa Kemal
Bir Adıyla İlişkilendirilen Tarihler 1881-1938
Genel Alt Bölümü Dış politika
650 #4 - KONU KATMA GİRİŞ - TOPİKAL DÖNEM
9 (RLIN) 1034
Topikal Süreli Veya Coğrafi Ad Giriş Elemanı Dış politika
Coğrafi Alt Bölümü Türkiye
Genel Alt Bölümü Tarih
Kronolojik Alt Bölümü Atatürk dönemi
942 ## - EKLENDİ GİRİŞ ELEMANLARI (KOHA)
Sınıflandırma Veya Raf Düzeni Kaynak Dewey Decimal Classification
Koha Öğesi Türü Books
Holdings
Kalıcı Konum Mevcut Konum Edinme Tarihi Toplam Check-Out'Lar Tam Çağrı Numarası Barkod Tarih Son Görülme İtibaren Geçerli Fiyatlar Koha Öğesi Türü
CHP Kütüphanesi CHP Kütüphanesi 03/26/2019   ATA 327.561 T85a 2008 019106 03/26/2019 03/26/2019 Books